| 000 | 00808nam a2200241 a 4500 | ||
|---|---|---|---|
| 001 | BRCA_1628 | ||
| 005 | 20190320203502.0 | ||
| 008 | 800721s1979 mx-a---##b---#000-0#spa-# | ||
| 020 | _a968432393X | ||
| 040 |
_aDLC _cDLC _dDLC |
||
| 050 | 4 |
_aF1219 _b.B47 1979 |
|
| 100 | 1 |
_aBernal, Ignacio. _9778 |
|
| 245 | 1 | 0 |
_aHistoria de la arqueología en México _cIgnacio Bernal. |
| 260 |
_aMéxico _bPorrúa _c1979. |
||
| 300 |
_a208 p. _bil. _c19 cm. |
||
| 504 | _aBibliografía: p. [191]-208. | ||
| 650 | 1 | 4 |
_aIndígenas de México _xAntigüedades. _9509 |
| 650 | 1 | 4 |
_aArqueología _xHistoria. _zMéxico _95091 |
| 650 | 1 | 4 |
_aHistoriografía mexicana _ySiglos XVII a XX _95092 |
| 650 | 1 | 4 |
_aViajeros extranjeros en México _ySiglo XIX _95093 |
| 650 | 1 | 4 |
_aArquitectura _ySiglos XVI y XVII _zMéxico _95094 |
| 942 |
_2lcc _cB |
||
| 999 |
_c1433 _d1433 |
||